Crimes, genre et châtiments : Hommes et femmes face à la justice au Moyen Âge (notice n° 2198696)

détails MARC
000 -LEADER
fixed length control field 01658cam a2200133 4500500
005 - DATE AND TIME OF LATEST TRANSACTION
control field 20260405085558.0
041 ## - LANGUAGE CODE
Language code of text/sound track or separate title fre
042 ## - AUTHENTICATION CODE
Authentication code dc
100 10 - MAIN ENTRY--PERSONAL NAME
Personal name Lett, Didier
Relator term author
245 00 - TITLE STATEMENT
Title Crimes, genre et châtiments : Hommes et femmes face à la justice au Moyen Âge
260 ## - PUBLICATION, DISTRIBUTION, ETC.
Name of publisher, distributor, etc. Armand Colin,<br/>
Date of publication, distribution, etc. 2024.<br/>
520 ## - SUMMARY, ETC.
Summary, etc. Jamais indifférent aux différences sociales (âge, renommée, statut social, niveau de fortune, sexe, etc.), ce livre étudie les crimes, les procès judiciaires et les châtiments des femmes et des hommes dans l’Occident des quatre derniers siècles médiévaux. Dans les sources judiciaires, la présence des femmes est toujours inférieure à celle  des hommes. Le délit n’est pas déterminé par l’appartenance sexuée, mais il prend des formes masculines ou féminines, car la justice ne manifeste pas les mêmes attentes vis-à-vis des hommes et des femmes, assignés à des statuts et des rôles sociaux différents. La forte hiérarchie des peines est la même pour les deux sexes, de la peine pécuniaire à la peine capitale. Lorsqu’elles commettent des petits délits, les femmes sont parfois punies « à moitié de peine », mais cette mansuétude disparaît pour les crimes les plus graves. Elles sont exceptionnellement pendues ou décapitées mais périssent sur le bûcher, sont noyées ou enfouies vivantes. En prenant au sérieux les régimes de genre des sociétés de la fin du Moyen  Âge, cet ouvrage propose donc une histoire de la justice à hauteur de femme et d’homme.
856 41 - ELECTRONIC LOCATION AND ACCESS
Uniform Resource Identifier <a href="https://shs.cairn.info/crimes-genre-et-chatiments--9782200635657?lang=fr&redirect-ssocas=7080">https://shs.cairn.info/crimes-genre-et-chatiments--9782200635657?lang=fr&redirect-ssocas=7080</a>

Pas d'exemplaire disponible.

PLUDOC

PLUDOC est la plateforme unique et centralisée de gestion des bibliothèques physiques et numériques de Guinée administré par le CEDUST. Elle est la plus grande base de données de ressources documentaires pour les Étudiants, Enseignants chercheurs et Chercheurs de Guinée.

Adresse

627 919 101/664 919 101

25 boulevard du commerce
Kaloum, Conakry, Guinée

Réseaux sociaux

Powered by Netsen Group @ 2025